Exposición Nacional de Arte Decorativo organizada por el Círculo de Bellas Artes de Madrid (Record no. 57279)

MARC details
000 -LEADER
campo de control de longitud fija 00777nam a2200193 i 4500
001 - NÚMERO DE CONTROL
campo de control 57279
003 - IDENTIFICADOR DE NÚMERO DE CONTROL
campo de control ES-MaACL
005 - FECHA Y HORA DE LA ÚLTIMA TRANSACCIÓN
campo de control 20250812082607.0
008 - DATOS DE LONGITUD FIJA--INFORMACIÓN GENERAL
campo de control de longitud fija 031015s1911 sp a |||| | spa d
100 1# - ENTRADA PRINCIPAL--NOMBRE DE PERSONA
Nombre de persona Domenech, Rafael.
9 (RLIN) 45083
245 10 - MENCIÓN DEL TÍTULO
Título Exposición Nacional de Arte Decorativo organizada por el Círculo de Bellas Artes de Madrid
Resto del título : extracto de la revista "Pequeñas monografías de arte" /
Mención de responsabilidad, etc. Rafael Domenech.
260 ## - PUBLICACIÓN, DISTRIBUCIÓN, ETC.
Lugar de publicación, distribución, etc. [Madrid :
Nombre del editor, distribuidor, etc. Pequeñas monografías de arte],
Fecha de publicación, distribución, etc. 1911.
300 ## - DESCRIPCIÓN FÍSICA
Extensión 112 p. :
Otras características físicas il. ;
Dimensiones 28 cm.
597 ## - NOTA DE DESCRIPCIÓN FÍSICA
NOTA DE DESCRIPCIÓN FÍSICA Encuadernado con la revista: Pequeñas monografías de arte.
610 24 - PUNTO DE ACCESO ADICIONAL DE MATERIA--NOMBRE DE ENTIDAD CORPORATIVA
Nombre de entidad corporativa o nombre de jurisdicción como elemento de entrada Círculo de Bellas Artes (Madrid)
9 (RLIN) 2817
650 #7 - PUNTO DE ACCESO ADICIONAL DE MATERIA--TÉRMINO DE MATERIA
Término de materia o nombre geográfico como elemento de entrada Artes decorativas
Fuente del encabezamiento o término embne
9 (RLIN) 135625
852 ## - LOCALIZACIÓN
Ubicación ES-MaACL
Número de control de estantería C-2111(2)
Holdings
Estatus retirado Estado de pérdida Estado de daño No para préstamo Biblioteca de origen Biblioteca actual Ubicación en estantería Fecha de adquisición Fuente de adquisición Total de préstamos Signatura topográfica completa Código de barras Visto por última vez Precio de reemplazo Tipo de ítem Koha
        Biblioteca del Ateneo de Madrid Biblioteca del Ateneo de Madrid Galería 17/01/2008     C-2111(2) 1060140 23/02/2023 23/02/2023 Libro impreso